Quizzes
Events
Quiz Creation
Community
Videos
Private Events
Remove Ads
Sign In
Join for FREE
Feedback
Dark Mode
Quiz Categories
Sports
Geography
Music
Movies
Television
Just For Fun
Miscellaneous
History
Literature
Language
Science
Gaming
Entertainment
Religion
Holiday
For Kids
Quiz Lab
Recent
Popular Today
Quiz Kudos Today
Editor Picks
Curator Picks
Quizzes by...
Day
Popularity
Type
Ratings
Length
Year
Community
Subscriptions
Recent Discussions
Orange Saloon
Badges
Playlists
Quests
Create
Leaderboards
Showdown
Live 5
Trivia Bingo
Activity
Puzzle Library
Sporcle Events
Private Events
Virtual Trivia
Globe League
Become a Host
Pub Owners
SporcleCon
Opinionation
Our Games
Videos
Blog
Mobile Apps
Partnerships
Remove Ads and Go Orange
Feedback
Miscellaneous
Crossword
General Knowledge
Baby Names
Logo
Food
Cars
Numbers
Grab Bag
University
College
Popular
Company
Slogans
Restaurants
Justice
Letter
Miscellaneous
Crossword
General Knowledge
Baby Names
Logo
Food
Cars
Numbers
Grab Bag
University
College
Popular
Company
Slogans
Restaurants
Justice
Letter
Random Quiz
Search Sporcle
×
Quiz Lab
Quiz Lab
Miscellaneous
lift
Type in answers that appear in a list
Type in answers that appear in a list
Classic
Best Score? Go Orange.
Colorado Ski Resorts by Lifts Stats
Can you name the ski resorts of Colorado by their chairlifts?
By
CDB1986
10m
21 Questions
161 Plays
161 Plays
161 Plays
Comments
Comments
Give Quiz Kudos
Give Quiz Kudos
-
- Ratings
hide this ad
Forced Order
Answers have to be entered in order
Answers have to be entered in order
Random Order
Randomize order of answers
Randomize order of answers
Replay
Link that replays current quiz
Next Quiz
Link to next quiz in quiz playlist
You Got
0%
They Got
Avg Score
35%
Avg Friend Score
Upgrade to see
Score Distribution
Jump to the score distribution portion of the page
Score
0/21
Timer
10:00
0
Plays Today
Lift Name
Ski Resort
% Correct
Vista Bahn Express Lift, Eagle Bahn Express Gondola, Avanti Express Lift
Vail
68.3%
Rocky Mountain SuperChair, Beaver Run SuperChair, Independence SuperChair
Breckenridge
62.7%
Super Bee, American Eagle, American Flyer
Copper Mountain
59.6%
Bachelor Gulch Express Lift, Larkspur Express Lift, Birds of Prey Express Lift
Beaver Creek
58.4%
Olympia Express, Super Gauge Express, Zephyr Express
Winter Park
53.4%
River Run Gondola, Santiago Express, Wayback
Keystone
52.2%
Polar Queen Express, FREE GONDOLA, Prospect Goal Express
Telluride
45.3%
Thunderhead Express, Storm Peak Express, Sundown Express
Steamboat
43.5%
1, 2, 9
Loveland
37.3%
Silver Queen Express, Paradise Express, The High Lift
Crested Butte
36%
Thunderbowl, Cloud Nine, Loge Peak
Aspen Highlands
34.8%
Lift Name
Ski Resort
% Correct
Exhibition Lift, Norway Lift, Lenawee Mountain Lift
Arapahoe Basin
34.2%
Buckeye Platter, 10th Mt. Chair, Piney Basin Triple Chair
Ski Cooper
23.6%
Indian Peaks, Cannonball, Corona
Eldora
23.6%
Needles Lift, Engineer Lift, Hermosa Park Express Lift
Durango Mountain
21.7%
Alberta Lift, Treasure Chair, Raven Chair
Wolf Creek
20.5%
Breeze Way, Garfield, Panorama
Monarch
18.6%
Take Four, West End, Easy Rider
Powderhorn
13%
Milk Run Special
Echo Mountain
12.4%
Chair Lift, Rope Tow
Ski Hesperus
9.3%
Conquest, Quick Silver, Milestone
Sol Vista
7.5%
Quiz Playlist
Details
Report
Send in Message
Add To Playlist
Classic:
Type in answers that appear in a list
Forced Order:
Answers have to be entered in order
Random Order:
Randomize order of answers
Last Updated: Feb 16, 2017
Quiz Scoreboard
CHALLENGE
Sign Up to Join the Scoreboard
Show All
Scores
Hide
Comments
May contain spoilers
Recently Published
Movies - When Are They Set?
by FPL_Elf
Movies
5m
Popular People in 1961
by mucciniale
History
6m
1-10 Letter E Words III
by El_Dandy
Language
2m
More to Explore
Quiz From the Vault
Featured Blog Post
Where Did the Easter Bunny Come From?
hide this ad
You Might Also Like...
Tags
colorado
lift
resort
ski
Today's Top Quizzes in Miscellaneous
Browse Miscellaneous
hide this ad
Today's Top Quizzes in lift
Browse lift
Top Contributed Quizzes in Miscellaneous
1
The JOE quick-fire general knowledge quiz: Day 173
2
The JOE quick-fire general knowledge quiz: Day 172
3
Sunday Crossword: Famous Bodies of Water
4
The JOE quick-fire general knowledge quiz: Day 171
5
One Thing in Common: United Kingdom II
6
Named After an Animal - Odd One Out!
7
sort kpop groups by number of members
8
The JOE quick-fire quiz: Day 170
9
Sunday Crossword: Themeless #5
10
Lays Potato Chip Flavour Contest Finalists
Explore More
Trending Topics
Disney
Anime
Kpop
NBA
Harry Potter
Crossword
Marvel
Puzzle
The Office
Soccer
Country
NFL
Pokémon
WWE
Song
hide this ad
More By:
CDB1986
Quiz
Plays
Rating
Category
Featured
Created
Movie by Destroyed Landmark
82,608
4.22
Movies
Apr 20, 2010
Every B&M Roller Coaster in the U.S.
3,663
4.67
Miscellaneous
Feb 26, 2017
Horny Team Logos
3,322
3.23
Sports
Jan 8, 2010
Real World NFL Mascots (Pictures)
2,974
3.56
Sports
Sep 6, 2010
U.S. Capitals by Name Origin
2,952
4.74
Geography
Apr 1, 2010
Go to Creator's Profile
Score Distribution
Quiz Creator Spotlight
CDB1986
Follow
Send a Message
Quizzes Created
-
Created Quiz Play Count
-
More By This Creator
Popular Quizzes Today
1
Find the US States - No Outlines Minefield
2
Find the Countries of Europe - No Outlines Minefield
3
The Countries of the World
4
Popular People in 1961
5
1-10 Letter E Words III
6
US States
7
Find the US States
8
One Thing in Common: World Cities II
More Miscellaneous Quizzes
Corporate Mascots
Published
Trending Quizzes
Risky Map Clicking: Least Populous States A-Z
1-10 Letter F Words
1-10 Letter G Words
One Thing in Common: United Kingdom
Risky Map Clicking: Next State Alphabetically
Recently Updated
Leaping Animals
pecheneg
Reality TV Shows (A-Z)
bhenderson79
Rickey Henderson's Hall of Fame Teammates
pecheneg
Champions League XIs: Arsenal
pecheneg
Quick Pick: Celebrities in WWE's Hall of Fame
aduchscher
A-Z Keypad Blitz II
pecheneg
Multiple Oscar Actors
pecheneg
Mystery Phrase Blitz: Oscar 'Best Actors'
pecheneg
F. Scott Fitzgerald Novels
LTH
Pick 3 Villains
ddd62291
Trending Topics
Disney
Anime
NBA
Crossword
Kpop
Marvel
Harry Potter
Country
NFL
Puzzle
The Office
Song
Soccer
Pokémon
WWE
Your Account Isn't Verified!
In order to create a playlist on Sporcle, you need to verify the email address you used during registration. Go to your
Sporcle Settings
to finish the process.
Report this User
Report this user for behavior that violates our
Community Guidelines
.
Details:
Send Report
Go to the Sporcle.com Mobile Site →
Comments